| 000 | 00915nam a22002537a 4500 | ||
|---|---|---|---|
| 003 | DO-SdBNP | ||
| 005 | 20210922123314.0 | ||
| 007 | ta | ||
| 008 | 210922b ||||| |||| 00| 0 eng d | ||
| 040 |
_aDO-SdBNP _beng _cBNPHU |
||
| 082 |
_222 _a917.07293 _bD671o |
||
| 110 | 1 |
_aUnited States. Defense Mapping Agency. Topographic Center _980005 |
|
| 242 | 1 |
_aRepública Dominicana. _bnombres estándar oficiales / _cEstados Unidos |
|
| 245 | 1 |
_aDominican Republic : _bOfficial standard names approved by the United States Board on Geographic Names / _cUnited States |
|
| 250 | _a2da. | ||
| 260 |
_aWashington : _b[s.n.], _c1972. |
||
| 300 |
_a477 p. _bmap.; _c20 cm. |
||
| 490 | _aGazetteer (United States Board on Geographic Names) | ||
| 590 | _aInventariado,2021 / SA | ||
| 650 | 4 |
_aDominican Republic -- Gazetteers. _980006 |
|
| 650 | 4 |
_aDominican Republic. _980007 |
|
| 910 | _aSaquino | ||
| 942 |
_2ddc _cLBS1 |
||
| 999 |
_c50624 _d50624 |
||